000 01736nas a2200289 i 4500
001 253819
005 20260203112418.0
007 ta
008 260203e1980 dr qn p|co || |0spa d| |
011 _a
040 _aDO-SdBNP
_bspa
_cBNPHU
_erda
041 _hspa
110 _aUniversidad Autónoma de Santo Domingo (UASD)
_984760
_bDepartamento de Difusión Artistica y Cultura
245 _aExtensión :
_brevista trimestral del Departamento de Difusión Artistica y Cultura de la Universidad Autónoma de Santo Domingo.
264 _aSanto Domingo, República Dominicana :
_bDepartamento de Difusión Artística y Cultural (UASD),
_c1980.
300 _avolumen :
_bilustraciones, fotografías ;
_c27 cm.
310 _aTrimestral.
336 _atexto
_btxt
_2rdacontent
337 _asin mediación
_bn
_2rdamedia
338 _avolumen
_bnc
_2rdacarrier
362 _aAño 1. No. 1. diciembre 1980.
500 _aCatalogación basada en el número: Año 1. No. 1. diciembre 1980.
520 _a"La extensión es una de las tres vertientes universitarias. Junto a la Docencia y la Investigación forma el trío de funciones básicas de las universidades modernas". Este principio nos lleva a la convicción de que una universidad enclavada en un país del Tercer Mundo superexplotado y con un analfabetismo que abarca importantes sectores del país, tiene que darle real importancia a la extensión. De ahí nuestro nombre "Extension", que pretendemos no sea sólo un nombre.
650 _92834
_aLiteratura
_vPublicaciones periódicas
_zRepública Dominicana
650 _949229
_aDepartamento de Difusión Artística y Cultural
_xUASD)
_vPublicaciones periódicas
_zRepública Dominicana
942 _2ddc
_cISSUE
999 _c60188
_d60188